La otra mundialización: las batallas contemporáneas por la diversidad cultural

Salvato in:
Dettagli Bibliografici
Autore principale: Wolton, Dominique (Autore)
Natura: Libro
Lingua:spagnolo
Pubblicazione: Barcelona Gedisa S. A 2009
Edizione:1a. ed
Serie:Claves Contemporáneas
Soggetti:
Tags: Aggiungi Tag
Nessun Tag, puoi essere il primo ad aggiungerne!!

MARC

LEADER 00000cam a2200000 a 4500
001 UCC5851
003 CL-VaPUC
008 181031e20090000sp |||||||||||||||||spa|d
020 |a 9788497843638 
082 0 4 |a 302.23  |b WOL  |2 21 
100 0 |a Wolton, Dominique  |e author  |9 600257 
245 1 3 |a La otra mundialización: las batallas contemporáneas por la diversidad cultural 
250 |a 1a. ed 
300 |a 194 p 
942 |c BK 
945 |d 20181031 17:21:00  |a dcastane 
260 |a Barcelona  |b Gedisa S. A  |c 2009 
650 0 |a Comunicación política  |9 389711 
650 0 |a Diversidad cultural  |9 473079 
650 0 |a Globalización  |9 361930 
583 |a last modification  |c 20181031 17:21:00  |k Rodrigo Vera 
490 0 |a Claves Contemporáneas 
999 |c 372960  |d 372958 
952 |0 0  |1 0  |3 erb  |4 0  |6 302_230000000000000_WOL_2009  |7 0  |8 A  |9 490852  |a BIBCUR  |b BIBCUR  |i 5511550  |o 302.23 WOL 2009  |p 5511550  |r 2025-04-22  |w 2019-11-24  |y BK  |z Catalogado en:20181031  |k PER